000 00638nam a2200217Ia 4500
003 OSt
005 20220926033517.0
006 a|||||r|||| 00| 0
007 ta
008 220923b |||||||| |||| 00| 0 eng d
037 _cGeneral Book
040 _aRTL
_cRTL
_beng
041 _2eng
_aeng
082 _aV73,6:3(X729), K0
100 _aBOYLE Gerald J.
_9339325
245 0 _aUse of service charges in local government.
260 _aUnited States
_bNational Industrial Conference Board.
_c1960
300 _a55p.
_ccm.
942 _hV73,6:3(X729), K0
_cGB
_2CC
999 _c657037
_d657037